| 000 | 005050000a22001810004500 | ||
|---|---|---|---|
| 090 |
_aAS _bSeriadas |
||
| 245 | 1 | 0 | _aConnaraceae |
| 041 | 0 | _aEspañol | |
| 700 | 1 |
_aCarbonó, Eduino _996724 |
|
| 700 | 1 |
_aOrozco, Clara Inés _995409 |
|
| 700 | 1 |
_aOrtega, Elizabeth _999549 |
|
| 700 | 1 |
_aRamos, Jorge E. _999550 |
|
| 700 | 1 |
_aRuiz, Rosalba _999551 |
|
| 700 | 1 |
_aSalazar de Benavides, Olga _999552 |
|
| 100 | 1 |
_aForero, Enrique _992822 |
|
| 942 | _cARTICULO | ||
| 773 | 1 |
_tFlora de Colombia _3847 _h2 _q1-81 _d1983 |
|
| 999 |
_c15229 _d15229 |
||